Кн. 4: Пособие для учителя; Солтерсовская химия

Detaylı Bibliyografya
Parent link:Солтерсовская химия: учебное пособие. Кн. 4: Пособие для учителя.— , 2005.— 5-94628-201-8
Özet:Изложен методический материал, необходимый педагогам при проведении уроков химии на базе Солтерсовского курса. Представлена логическая взаимосвязь материала, представленного в трех книгах для учащихся. Для преподавателей колледжей и средних школ с углубленным изучением химии.
Dil:Rusça
Baskı/Yayın Bilgisi: 2005
Konular:
Materyal Türü: Kitap
KOHA link:https://koha.lib.tpu.ru/cgi-bin/koha/opac-detail.pl?biblionumber=68920

MARC

LEADER 00000nam2a2200000 4500
001 68920
005 20231101212420.0
010 |a 5946281941 
035 |a (RuTPU)RU\TPU\book\73389 
090 |a 68920 
100 |a 20041012d2005 m y0rusy50 ca 
101 1 |a rus  |c eng 
102 |a RU 
105 |a a j 000zy 
200 0 |a Кн. 4: Пособие для учителя 
210 |d 2005 
215 |a 294 с.  |c ил. 
330 |a Изложен методический материал, необходимый педагогам при проведении уроков химии на базе Солтерсовского курса. Представлена логическая взаимосвязь материала, представленного в трех книгах для учащихся. Для преподавателей колледжей и средних школ с углубленным изучением химии. 
461 1 |0 (RuTPU)RU\TPU\book\99120  |y 5-94628-201-8  |t Солтерсовская химия  |o учебное пособие  |o в 4 кн.  |o пер. с англ.  |v Кн. 4: Пособие для учителя  |d 2005 
606 1 |a Химия  |2 stltpush  |3 (RuTPU)RU\TPU\subj\17362  |9 43035 
610 1 |a солтерсовская химия 
610 1 |a пособия для учителей 
610 1 |a вводные таблицы 
610 1 |a основные понятия 
610 1 |a предупреждения 
610 1 |a ответы на задания 
610 1 |a ответы на вопросы 
610 1 |a химические элементы 
610 1 |a топливо 
610 1 |a получение 
610 1 |a атмосфера 
610 1 |a полимеры 
610 1 |a лекарственные препараты 
610 1 |a белки 
610 1 |a сталь 
610 1 |a агрохимия 
610 1 |a цвет 
610 1 |a океаны 
610 1 |a лекарства 
610 1 |a химическая промышленность 
675 |a 54(07)  |v 3 
801 1 |a RU  |b 63413507  |c 20041012  |g PSBO 
801 2 |a RU  |b 63413507  |c 20140123  |g PSBO 
900 |a Химия 
942 |c BK 
952 |b 050101